Effectif du Stade Rennais en 2021 - Statistiques

Statistiques générales
  • Ce quiz a été pris 284 fois
  • Le résultat moyen est 15 sur 25
Statistiques - réponses
Réponse % Correct
Alfred Gomis
90%
Martin Terrier
89%
Benjamin Bourigeaud
88%
Hamari Traore
86%
Bruno Génésio
82%
Nayef Aguerd
82%
Adrien Truffert
80%
Romain Salin
75%
Jérémy Doku
73%
Serhou Guirassy
70%
Damien Da Silva
69%
Flavien Tait
69%
Eduardo Camavinga
68%
Jonas Martin
59%
Pepe Bonet
54%
Faitout Maouassa
47%
Steven Nzonzi
47%
Clément Grenier
38%
Gerzino Nyamsi
38%
Romain Del Castillo
33%
Adrien Hunou
30%
James Lea Siliki
28%
Brandon Soppy
27%
Dalbert
23%
Yann Gboho
23%
Aucun quiz correspondant
Distribution des résultats
% des personnes avec chaque résultat
Percentile par nombre de réponses
Votre historique - résultats
Vous n’avez pas pris ce quiz